01056nam a22002772a 450000100060000000300080000600500170001400800410003103500510007204000320012304100080015508200240016310000160018711000530020324501070025626000360036330000580039950000410045750000700049850400300056861000530059865000170065165000230066870000290069174000580072016883BD-RjUL20211209000049.0140215r19671914enkaf bc 001 0 eng d aOCLC ocm04799843 from D950426Ma(BD-RjUL)16938 aDLCcNOCdSERdBD-RjULbeng aeng a737.4954bALC 1967 aAllan, John2 aBritish Museum.bDepartment of Coins and Medals.10aCatalogue of the coins of the Gupta dynasties and of Śaśāṅka, King of Gauḍa /cby John Allan aLondon :bBritish Museum,c1967 acxxxviii, 184 p. :billus., plates, tables. ;c22 cm aPhotolithographic reprint of 1914 ed aHalf-title: A catalogue of the Indian coins in the British Museum aBibliographical footnotes20aBritish Museum.bDepartment of Coins and Medals. 0aCoins, Indic 0aNumismaticszIndia1 aAllan, John,d1885-1955.2 aA catalogue of the Indian coins in the British Museum